000 00779 a2200241 4500
005 20251118114731.0
008 251118b |||||||| |||| 00| 0 eng d
020 _a9788198445841 (hbk)
037 _cTB
040 _aCRL
_cCRL
041 _2eng
_aeng
084 _aV247.P1 R5
_qCRL
100 _aRaina, Pramathesh
_9821749
245 _aKashmir:
_bdawn of a new era
260 _aNew Delhi, India:
_bPentagon Press,
_c2025.
300 _axxiv, 218p.
365 _b995.00
_cINR
650 _aKashmir - History
_9851967
650 _aHistory
_9851968
650 _aElections
_9851969
942 _cTB
_2CC
_n0
_hV247.P1 R5
999 _c1435662
_d1435662